[Event "PRO League Group Stage"]
[Site "masterchessopen.com chess.com INT"]
[Date "2017.02.11"]
[Round "5"]
[White "Kuipers,S"]
[Black "Stripunsky,A"]
[Result "1-0"]
[WhiteElo "2414"]
[BlackElo "2536"]

1.e4 d6 2.d4 Nf6 3.Nc3 e5 4.dxe5 dxe5 5.Qxd8+ Kxd8 6.Bc4 Be6 7.Bxe6 fxe6 8.f3
Bc5 9.Nh3 a6 10.Nf2 Nc6 11.Bg5 Ke7 12.Nd3 Ba7 13.O-O-O Rad8 14.Rhe1 h6 15.Bh4
g5 16.Bg3 Nd7 17.Nf2 Nf6 18.Nd3 Nd7 19.Nf2 Bxf2 20.Bxf2 Nf6 21.Rxd8 Rxd8
22.Nd1 Nh5 23.Ne3 Nf4 24.h4 Kf7 25.Rh1 Kg7 26.Be1 Nd4 27.b3 b5 28.Kb2 c5
29.Ba5 Rc8 30.hxg5 hxg5 31.Ng4 c4 32.Nxe5 cxb3 33.c3 Nde2 34.axb3 Nxg2 35.Rh5
Ngf4 36.Rh1 Ng2 37.Rd1 Nef4 38.Rd7+ Kf6 39.Bc7 {#r} 1-0

[Event "PRO League Group Stage"]
[Site "masterchessopen.com chess.com INT"]
[Date "2017.02.11"]
[Round "5"]
[White "Kuipers,S"]
[Black "Katz,Alexander R"]
[Result "0-1"]
[WhiteElo "2414"]
[BlackElo "2335"]

1.e4 d6 2.d4 Nf6 3.Nc3 g6 4.Be3 c6 5.Qd2 b5 6.f3 Nbd7 7.O-O-O b4 8.Nce2 Qa5
9.Kb1 Nb6 10.Nc1 Be6 11.a3 c5 12.d5 Nfxd5 13.exd5 Nxd5 14.Nb3 Qb6 15.a4 Nxe3
16.Bb5+ Kd8 17.Qxe3 a6 18.Nxc5 Kc8 19.Qe4 d5 20.Qd4 axb5 21.Qxh8 Qxc5 22.Qxf8+
Kb7 23.Qg7 b3 24.cxb3 Bf5+ 25.Ka1 Qc2 26.Qd4 Qxb3 27.Qxd5+ Qxd5 28.Rxd5 Rxa4#
0-1

[Event "PRO League Group Stage"]
[Site "masterchessopen.com chess.com INT"]
[Date "2017.02.11"]
[Round "5"]
[White "Satyapragyan,S"]
[Black "Nagle,S"]
[Result "1-0"]
[WhiteElo "2462"]
[BlackElo "2423"]

1.e4 g6 2.d4 Bg7 3.Nc3 d6 4.Nf3 a6 5.a4 b6 6.Be2 Bb7 7.O-O Nd7 8.Re1 e6 9.Bd3
Ne7 10.Ne2 e5 11.Bg5 O-O 12.Qd2 Qe8 13.Rad1 exd4 14.Nexd4 c5 15.Ne2 Nc6 16.Bh6
Nde5 17.Nxe5 Nxe5 18.Bxg7 Kxg7 19.Nc3 Rd8 20.Bf1 Nc6 21.Nd5 Nd4 22.c3 Ne6
23.Nxb6 Qc6 24.a5 Rfe8 25.Bc4 Nc7 26.Bd5 Nxd5 27.exd5 Qc7 28.h3 Bc8 29.Rxe8
Rxe8 30.Re1 Bd7 31.Rxe8 Bxe8 32.Qe2 Bb5 33.c4 Bd7 34.Qe7 {#r} 1-0

[Event "PRO League Group Stage"]
[Site "masterchessopen.com chess.com INT"]
[Date "2017.02.11"]
[Round "5"]
[White "Bhat,V"]
[Black "De Abreu,Roberto N"]
[Result "0-1"]
[WhiteElo "2519"]
[BlackElo "2110"]

1.d4 Nf6 2.c4 c5 3.d5 e6 4.Nc3 exd5 5.cxd5 d6 6.Nf3 g6 7.Nd2 Bg7 8.Nc4 O-O
9.Bf4 Ne8 10.e3 f5 11.h3 g5 12.Bh2 f4 13.Bd3 Bxc3+ 14.bxc3 b5 15.Nd2 c4 16.Bc2
fxe3 17.fxe3 g4 18.Ne4 Bf5 19.Qd4 Bxe4 20.Qxe4 Qh4+ 21.Kd1 Nf6 22.Qe6+ Kg7
23.Bxd6 Re8 24.Be7 Nbd7 25.Kc1 Rab8 26.Rf1 Qg5 27.Kb2 b4 28.Rad1 bxc3+ 29.Kxc3
Rb6 30.d6 Qa5+ 31.Kd4 Qc5+ 32.Kc3 Qb4+ 33.Kd4 Qb2+ 34.Kxc4 Rc8+ 35.Kd3 Qxc2+
36.Kd4 Qc3# 0-1

[Event "PRO League Group Stage"]
[Site "masterchessopen.com chess.com INT"]
[Date "2017.02.11"]
[Round "5"]
[White "Jones,G"]
[Black "Sambuev,B"]
[Result "1-0"]
[WhiteElo "2665"]
[BlackElo "2539"]

1.e4 e6 2.d4 d5 3.Nd2 c5 4.Ngf3 Nf6 5.e5 Nfd7 6.c3 Nc6 7.Bd3 Be7 8.O-O c4
9.Bc2 b5 10.h4 Nb6 11.Ng5 h6 12.Nh3 Bxh4 13.Qg4 g6 14.Nf4 h5 15.Qe2 Be7 16.Nh3
Kd7 17.Nf3 Kc7 18.Bg5 Bd7 19.Qe3 Bxg5 20.Nhxg5 Qe7 21.Qf4 Be8 22.a4 bxa4
23.Bxa4 Nxa4 24.Rxa4 Rb8 25.Ra2 Rb7 26.Rfa1 Kb8 27.Qf6 Qxf6 28.exf6 h4 29.Ne5
Nxe5 30.dxe5 Bb5 31.Rd1 a6 32.f4 Ka7 33.Kf2 Kb6 34.Ke3 a5 35.Nf3 a4 36.Rh1 Kc5
37.Rxh4 Rxh4 38.Nxh4 Bc6 39.Nf3 d4+ 40.Nxd4 Bxg2 41.Rxa4 Rxb2 42.Ra7 Bb7
43.Nxe6+ Kb6 44.Nd8 Kxa7 45.e6 Bd5 46.e7 Rb1 47.Kd4 Kb6 48.Kxd5 Re1 49.Nxf7
{#r} 1-0

[Event "PRO League Group Stage"]
[Site "masterchessopen.com chess.com INT"]
[Date "2017.02.11"]
[Round "5"]
[White "Vertetics,A"]
[Black "Ke,Ivan"]
[Result "1-0"]
[WhiteElo "2416"]
[BlackElo "2058"]

1.d4 d5 2.Nf3 Nf6 3.c4 e6 4.Nc3 Be7 5.Bg5 O-O 6.e3 Nbd7 7.Qc2 h6 8.Bh4 b6
9.cxd5 exd5 10.Bd3 Bb7 11.O-O c5 12.Rad1 Rc8 13.Bf5 c4 14.Ne5 Bc6 15.Bxf6 Bxf6
16.Nxc6 Rxc6 17.Nxd5 b5 18.a4 a6 19.Ra1 Nb6 20.axb5 axb5 21.Nxf6+ Qxf6 22.Be4
Rd6 23.Ra5 b4 24.Qd2 c3 25.Qd3 cxb2 26.Rb5 Na4 27.Rxb4 Nc5 28.Bh7+ Kh8 29.Qf5
Na6 30.Rxb2 g6 31.Bxg6 fxg6 32.Qxf6+ Rdxf6 33.Rc1 R8f7 34.f3 Kg7 35.e4 Nc7
36.d5 Rd6 37.Rc5 Na6 38.Ra5 Re7 39.Kf2 Kf6 40.Ke3 Nc7 41.Kd3 Ne6 42.Ke3 Nc7
43.Kf2 g5 44.Rc2 Ne8 45.Rac5 Ke5 46.Rc8 g4 47.Ke3 gxf3 48.gxf3 Kf6 49.Kd4 Ng7
50.R2c6 Rde6 51.dxe6 {#r} 1-0

[Event "PRO League Group Stage"]
[Site "masterchessopen.com chess.com INT"]
[Date "2017.02.11"]
[Round "5"]
[White "Vaibhav,S"]
[Black "Paragua,M"]
[Result "1-0"]
[WhiteElo "2552"]
[BlackElo "2492"]

1.d4 Nf6 2.Nf3 g6 3.g3 Bg7 4.Bg2 O-O 5.O-O d6 6.Re1 d5 7.c4 c6 8.Nc3 e6 9.a4
a5 10.Bg5 Nbd7 11.Qc2 h6 12.Bf4 b6 13.e4 dxe4 14.Nxe4 Nxe4 15.Qxe4 Bb7 16.Rad1
Qc8 17.c5 bxc5 18.Bd6 Re8 19.dxc5 e5 20.Bh3 Ba6 21.Bxe5 f5 22.Qd4 Nxe5 23.Nxe5
Qc7 24.f4 Rad8 25.Qc3 Rxd1 26.Rxd1 Bxe5 27.fxe5 Qxe5 28.Rd6 Qxc3 29.bxc3 Re1+
30.Kf2 Re2+ 31.Kf3 Re5 32.Rxg6+ Kf7 33.Rxh6 Rxc5 34.Kf4 Bd3 35.Bg2 Rxc3
36.Rxc6 Ra3 37.Bd5+ Ke7 38.Ke5 Rxa4 39.Rc7+ Kd8 40.Kd6 Be4 41.Rh7 {#r} 1-0

[Event "PRO League Group Stage"]
[Site "masterchessopen.com chess.com INT"]
[Date "2017.02.11"]
[Round "5"]
[White "Vaibhav,S"]
[Black "Akylbekov,Nasyr"]
[Result "1-0"]
[WhiteElo "2552"]
[BlackElo "2222"]

1.e4 e5 2.Nf3 Nc6 3.Bb5 a6 4.Ba4 Nf6 5.O-O Be7 6.Re1 b5 7.Bb3 O-O 8.h3 Bb7
9.d3 d6 10.a4 h6 11.Nc3 b4 12.Ne2 Na5 13.Ba2 c5 14.Ng3 Bc8 15.c3 Rb8 16.d4 b3
17.Bb1 Qc7 18.Nh4 c4 19.Ngf5 Kh7 20.f4 Bxf5 21.Nxf5 Rfd8 22.Qf3 Nc6 23.Rf1 Ng8
24.Kh1 Bf8 25.Ne3 Rd7 26.Nxc4 Nxd4 27.Qd3 Ne6 28.f5 Nc5 29.Qe2 Nf6 30.a5 Rb5
31.Nb6 Rd8 32.Bd2 Rxa5 33.Rxa5 Qxb6 34.Ra1 Qb7 35.Re1 Be7 36.Bd3 Ra8 37.Qf3 a5
38.Rad1 a4 39.Bc4 Nfxe4 40.Be3 Nf6 41.Bxc5 e4 42.Bd5 Nxd5 43.Qxe4 Bf8 44.Ba3
Re8 45.Qxe8 Nf4 46.Qe4 d5 47.Qxf4 Bxa3 48.bxa3 b2 49.f6 g6 50.Kh2 {#r} 1-0

[Event "PRO League Group Stage"]
[Site "masterchessopen.com chess.com INT"]
[Date "2017.02.11"]
[Round "5"]
[White "Salinas Herrera,P"]
[Black "Nakyp,Rakhimjan"]
[Result "1-0"]
[WhiteElo "2464"]
[BlackElo "2096"]

1.d4 Nf6 2.Bf4 g6 3.e3 Bg7 4.h3 O-O 5.Nf3 d6 6.Be2 b6 7.O-O Bb7 8.c4 Nbd7
9.Bh2 Ne4 10.Qc2 e5 11.dxe5 Nxe5 12.Nxe5 dxe5 13.Bf3 Qe7 14.Bxe4 {#r} 1-0

[Event "PRO League Group Stage"]
[Site "masterchessopen.com chess.com INT"]
[Date "2017.02.11"]
[Round "5"]
[White "Norowitz,Yaacov"]
[Black "Dudukin,Ilya"]
[Result "1-0"]
[WhiteElo "2429"]
[BlackElo "2396"]

1.d4 Nf6 2.Nf3 e6 3.c4 Nc6 4.d5 Bb4+ 5.Bd2 Bxd2+ 6.Qxd2 Ne7 7.Nc3 d6 8.e4 e5
9.Be2 O-O 10.O-O a5 11.c5 Ng6 12.cxd6 cxd6 13.Rfc1 Nd7 14.Ne1 Nf4 15.Bf1 Nc5
16.f3 Qb6 17.Qf2 f5 18.g3 Ng6 19.Nd3 fxe4 20.Nxe4 Rxf3 21.Qxf3 Nxd3+ 22.Kh1
Nxc1 23.Rxc1 Bd7 24.Qb3 Qxb3 25.axb3 Bg4 26.Nxd6 Bf3+ 27.Bg2 Bxg2+ 28.Kxg2 Ne7
29.Nxb7 Rb8 30.Nxa5 Rb5 31.d6 Rxa5 32.Rc8+ Nxc8 33.d7 Rc5 34.d8=Q+ Kf7 35.b4
Rc2+ 36.Kh3 Ne7 37.b3 Rb2 38.Qd3 h5 39.Qc3 Rf2 40.Qxe5 Nf5 41.Qd5+ Kf6 42.Qc6+
Kg5 43.Qc1+ Kf6 44.Qc3+ Kg5 45.b5 Kh6 46.Qe1 Ra2 47.b6 Ra6 48.Qf2 Rxb6
49.Qxb6+ {#r} 1-0

[Event "PRO League Group Stage"]
[Site "masterchessopen.com chess.com INT"]
[Date "2017.02.11"]
[Round "5"]
[White "Norowitz,Yaacov"]
[Black "Gorozhanin,M"]
[Result "1-0"]
[WhiteElo "2429"]
[BlackElo "2408"]

1.d4 d5 2.Nf3 c6 3.Bf4 Qb6 4.Qc1 Bf5 5.e3 e6 6.Bd3 Bg6 7.O-O Nd7 8.Bxg6 hxg6
9.c4 Ngf6 10.c5 Qa6 11.Nc3 b6 12.b4 Be7 13.b5 cxb5 14.c6 Nf8 15.a4 b4 16.Nb5
Rc8 17.Bd6 Ne4 18.Bxe7 Kxe7 19.Nd2 Nxd2 20.Qxd2 Qa5 21.e4 a6 22.exd5 axb5
23.axb5 Qxb5 24.Ra7+ Kd8 25.Qf4 Qxd5 26.Qxf7 Qd6 27.Rc1 Qxh2+ 28.Kf1 Qh1+
29.Ke2 Qh5+ 30.f3 Qb5+ 31.Kf2 Qg5 32.Rd7+ {#r} 1-0

[Event "PRO League Group Stage"]
[Site "masterchessopen.com chess.com INT"]
[Date "2017.02.11"]
[Round "5"]
[White "Makoto,R"]
[Black "Zierk,S"]
[Result "0-1"]
[WhiteElo "2403"]
[BlackElo "2493"]

1.Nf3 c5 2.c4 Nc6 3.g3 g6 4.Bg2 Bg7 5.Nc3 e6 6.O-O Nge7 7.d4 Nxd4 8.Nxd4 cxd4
9.Nb5 Nc6 10.Nd6+ Ke7 11.c5 Qa5 12.Bxc6 bxc6 13.Bg5+ Kf8 14.Rc1 Ba6 15.a3 h6
16.Bd2 Qd8 17.b4 Be5 18.a4 Bxd6 19.cxd6 e5 20.f4 e4 21.f5 g5 22.f6 Qe8 23.Rc5
Rb8 24.Be1 d3 25.exd3 Bxd3 26.Rff5 Qe6 27.g4 Kg8 28.Qd2 Kh7 29.h4 Rhg8 30.hxg5
Rg6 31.Rce5 Qc4 32.Re7 e3 33.Qd1 Bxf5 {#R} 0-1

[Event "PRO League Group Stage"]
[Site "masterchessopen.com chess.com INT"]
[Date "2017.02.11"]
[Round "5"]
[White "Makoto,R"]
[Black "Taghizadeh,Rayan"]
[Result "0-1"]
[WhiteElo "2403"]
[BlackElo "2317"]

1.Nf3 Nf6 2.c4 e6 3.g3 b6 4.Bg2 Bb7 5.O-O Be7 6.d4 O-O 7.d5 Re8 8.Nc3 Bf8 9.e4
e5 10.Nh4 d6 11.f4 Nbd7 12.Nf5 g6 13.fxe5 Nxe5 14.Nh6+ Kg7 15.Bg5 Be7 16.Qd4
Rf8 17.Bf4 Bc8 18.h3 Nfd7 19.Ng4 f6 20.Bh6+ Kg8 21.Bxf8 Bxf8 22.Nxe5 dxe5
23.Qd2 Kg7 24.Nd1 a5 25.Nf2 Ba6 26.b3 a4 27.Kh2 b5 28.cxb5 Bxb5 29.Rfc1 Bd6
30.Bf1 Bxf1 31.Rxf1 Qb8 32.Ng4 axb3 33.axb3 Rxa1 34.Qh6+ Kg8 35.Rxa1 Qxb3
36.Ra8+ Bf8 37.h4 Qc2+ 38.Kh3 Qd1 39.Qe3 Kf7 40.Nh2 Kg7 41.Qc3 Bd6 42.Qc6 Nf8
43.Rd8 Qe2 44.Rxd6 cxd6 45.Qxd6 Qxe4 46.Qe7+ Kg8 47.d6 Qf5+ 48.Kg2 e4 49.g4
Qe6 50.Kg3 f5 51.gxf5 Qxf5 52.h5 gxh5 53.Kh4 Ng6+ 54.Kg3 Nxe7 55.dxe7 Qe5+
{#R} 0-1

[Event "PRO League Group Stage"]
[Site "masterchessopen.com chess.com INT"]
[Date "2017.02.11"]
[Round "5"]
[White "Diamant,A"]
[Black "Francisco,R"]
[Result "1-0"]
[WhiteElo "2515"]
[BlackElo "2273"]

1.e4 e5 2.Nf3 Nc6 3.Bb5 a6 4.Ba4 Nf6 5.O-O b5 6.Bb3 Bb7 7.d3 Bd6 8.a4 h6 9.Nc3
b4 10.Nd5 O-O 11.c3 a5 12.Re1 Re8 13.Ne3 Bf8 14.Nh4 Ne7 15.Ng4 Nc6 16.Nf5 d5
17.Nxf6+ Qxf6 18.Bxd5 Rad8 19.Qh5 Bc8 20.Ng3 Ne7 21.Bc4 Ng6 22.Qd1 Be6 23.Qb3
Rxd3 24.Bxe6 Qxe6 25.Qxe6 fxe6 26.Ne2 Bc5 27.Kf1 Rf8 28.f3 Rdxf3+ 29.gxf3
Rxf3+ 30.Kg2 Nh4+ 31.Kh1 Rf2 32.Ng1 b3 33.Be3 Bxe3 34.Rxe3 Rxb2 35.c4 Ng2
36.Re2 {#r} 1-0

[Event "PRO League Group Stage"]
[Site "masterchessopen.com chess.com INT"]
[Date "2017.02.11"]
[Round "5"]
[White "Diamant,A"]
[Black "Gurevich,Daniel"]
[Result "1-0"]
[WhiteElo "2515"]
[BlackElo "2455"]

1.e4 c6 2.Nf3 d5 3.exd5 cxd5 4.Ne5 Nf6 5.d4 g6 6.Bd3 Bg7 7.O-O O-O 8.Re1 Nc6
9.c3 Nxe5 10.dxe5 Nd7 11.Bf4 Nc5 12.Bc2 Qb6 13.Be3 Qc6 14.Nd2 Bf5 15.Bxf5 gxf5
16.Bxc5 Qxc5 17.Nb3 Qc6 18.Nd4 Qg6 19.Qb3 e6 20.Qxb7 Rab8 21.Qxa7 Rxb2 22.a4
Bh6 23.Reb1 Rd2 24.Nc6 Kg7 25.a5 f4 26.Nd4 Rg8 27.Rb8 Rxb8 28.Qxb8 Qd3 29.Qb3
Qa6 30.Qb5 Qc8 31.Qc6 Qb8 32.Qb5 Qxe5 33.a6 Qe4 34.a7 f3 35.a8=Q Rxf2 36.Nxf3
Be3 37.Kh1 Rxg2 38.Qf1 Rf2 39.Qg1+ Kf6 40.Qd8+ Kf5 41.Qdg5+ Bxg5 42.Qxg5# 1-0

[Event "4NCL 2016-17"]
[Site "masterchessopen.com Reading ENG"]
[Date "2017.02.11"]
[Round "5.22"]
[White "Merry,Alan B"]
[Black "Gordon,S"]
[Result "0-1"]
[WhiteElo "2395"]
[BlackElo "2506"]

1.e4 c5 2.Nf3 d6 3.Bb5+ Nd7 4.c3 Nf6 5.Qe2 a6 6.Ba4 Qc7 7.O-O c4 8.Bc2 e6 9.a4
Be7 10.Re1 O-O 11.Na3 d5 12.exd5 Bxa3 13.Rxa3 exd5 14.d3 Re8 15.Qxe8+ Nxe8
16.Rxe8+ Nf8 17.dxc4 Qd7 18.Re1 dxc4 19.a5 Qc6 20.Be4 Qc7 21.Be3 Be6 22.Bb6
Qd7 23.Ne5 Qb5 24.Bxb7 Rb8 25.Bf3 Bd5 26.Bxd5 Qxd5 27.Nf3 Nd7 28.Ra4 f6 29.Rb4
Nxb6 30.Rxb6 Rxb6 31.axb6 Qc6 32.Nd2 Qxb6 33.Nxc4 Qb3 34.Nd6 h5 35.h4 Qxb2
36.c4 Qd2 37.Re6 a5 38.g4 Qd1+ 39.Kh2 {#R} 0-1

[Event "4NCL 2016-17"]
[Site "masterchessopen.com Reading ENG"]
[Date "2017.02.11"]
[Round "5.43"]
[White "Maciol,R"]
[Black "Bates,Ri"]
[Result "1-0"]
[WhiteElo "2118"]
[BlackElo "2341"]

1.d4 Nf6 2.c4 e6 3.Nc3 Bb4 4.e3 O-O 5.Bd3 c5 6.Ne2 d5 7.cxd5 cxd4 8.exd4 Nxd5
9.O-O Nc6 10.a3 Bd6 11.Be4 Nxc3 12.Nxc3 Nxd4 13.g3 Be5 14.Be3 f5 15.Bg2 Qb6
16.Na4 Qd6 17.Rc1 Rd8 18.Nc5 Qe7 19.Re1 Rb8 20.Nd3 Nc6 21.Qb3 Bc7 22.Qc4 Bd7
23.Bxa7 Rbc8 24.Bc5 Qf7 25.b4 Kh8 26.b5 Na5 27.Qb4 b6 28.Be3 Be8 29.Nb2 h6
30.Na4 Bd6 31.Qb1 Nc4 32.Nxb6 Nxb6 33.Bxb6 Rxc1 34.Qxc1 Rb8 35.Bd4 Bxb5
36.Qxh6+ Kg8 37.Bxg7 Qd7 38.Bb2 Bc4 39.Qh8+ Kf7 40.Qg7+ Ke8 41.Qd4 {#r} 1-0

[Event "4NCL 2016-17"]
[Site "masterchessopen.com Reading ENG"]
[Date "2017.02.11"]
[Round "5.54"]
[White "Fitzsimons,D"]
[Black "Edouard,R"]
[Result "0-1"]
[WhiteElo "2372"]
[BlackElo "2628"]

1.e4 c5 2.c3 e6 3.d4 d5 4.exd5 exd5 5.Nf3 Nc6 6.Bb5 Bd6 7.O-O Ne7 8.dxc5 Bxc5
9.Nbd2 O-O 10.Nb3 Bb6 11.Re1 a6 12.Bxc6 bxc6 13.Be3 Bxe3 14.Rxe3 Nf5 15.Re1
Qb6 16.Nbd4 Nxd4 17.cxd4 Bg4 18.Re3 Rfe8 19.Qb3 Qxb3 20.axb3 Rxe3 21.fxe3 f6
22.Rc1 Rb8 23.Nd2 Rb6 24.Kf2 h5 25.Rc3 Kf7 26.g3 Ke7 27.h4 Kd6 28.e4 Rb8
29.exd5 cxd5 30.Nf1 Bf5 31.Kf3 Rb4 32.Ke3 g6 33.Nd2 Rb5 34.Kf4 Ra5 35.b4 Rb5
36.Ra3 Bc8 37.Ra4 Rb6 38.Nb3 Bd7 39.Ra5 Bc6 40.Nc5 Rxb4 41.Ke3 Rxb2 42.Rxa6 g5
43.Ra7 Bb5 44.hxg5 fxg5 45.Rh7 Re2+ 46.Kf3 g4+ 47.Kf4 Be8 48.Rh6+ Ke7 49.Kf5
Re3 50.Kf4 Rf3+ 51.Kg5 Rxg3 52.Re6+ Kf8 53.Rf6+ Kg8 54.Rf5 Bf7 55.Nd7 Kg7
56.Nf6 Rf3 57.Nxh5+ Bxh5 58.Rxd5 Bf7 59.Re5 g3 60.Kh4 Kf6 61.Re1 g2 62.Rg1 Be6
{#R} 0-1

[Event "4NCL 2016-17"]
[Site "masterchessopen.com Reading ENG"]
[Date "2017.02.11"]
[Round "5.76"]
[White "Daskalov,D"]
[Black "Healey,M"]
[Result "1-0"]
[WhiteElo "2332"]
[BlackElo "2164"]

1.e4 e5 2.Bc4 Nc6 3.Nc3 Nf6 4.d3 Bb4 5.Ne2 d5 6.exd5 Nxd5 7.O-O Be6 8.Ne4 Be7
9.Bb5 f5 10.N4c3 O-O 11.Bxc6 bxc6 12.f4 Bc5+ 13.Kh1 Ne3 14.Bxe3 Bxe3 15.Rf3
Bd4 16.Qd2 Rb8 17.b3 Qd6 18.Re1 Rbe8 19.Rff1 Re7 20.Na4 Rd8 {#r} 1-0

[Event "19th Lienz Open 2017"]
[Site "masterchessopen.com Lienz AUT"]
[Date "2017.02.12"]
[Round "2.1"]
[White "Prince,Ba"]
[Black "Romanov,E"]
[Result "0-1"]
[WhiteElo "2337"]
[BlackElo "2644"]

1.e4 e5 2.Nf3 Nc6 3.Bb5 a6 4.Ba4 d6 5.c4 Bg4 6.Nc3 Nf6 7.h3 Bxf3 8.Qxf3 Nd7
9.Ne2 g6 10.d3 Bg7 11.h4 h5 12.Bg5 Qc8 13.Rd1 Nc5 14.Bxc6+ bxc6 15.Bf6 Bxf6
16.Qxf6 O-O 17.O-O a5 18.f4 Qg4 19.Nc3 Rab8 20.Rd2 exf4 21.Qxf4 Qxf4 22.Rxf4
Ne6 23.Rf1 c5 24.Nd5 Kg7 25.Nf4 Nd4 26.Ne2 Nc6 27.d4 Nxd4 28.Nxd4 cxd4 29.Rxd4
Rxb2 30.c5 Rd8 31.e5 d5 32.c6 Rb4 33.Rxb4 axb4 34.Rb1 Rb8 35.a4 f6 36.e6 Kf8
37.a5 Ke7 38.a6 Kxe6 39.a7 Ra8 40.Rxb4 Rxa7 41.Rb8 Ra4 42.Re8+ Kd6 43.Rf8 Kxc6
44.Rxf6+ Kc5 45.Rxg6 Rxh4 46.Kf2 Rf4+ 47.Kg3 Rf5 {#R} 0-1

[Event "19th Lienz Open 2017"]
[Site "masterchessopen.com Lienz AUT"]
[Date "2017.02.12"]
[Round "2.2"]
[White "Agdestein,S"]
[Black "Mazi,L"]
[Result "1-0"]
[WhiteElo "2602"]
[BlackElo "2355"]

1.d4 f5 2.c4 Nf6 3.g3 g6 4.Bg2 Bg7 5.Nf3 O-O 6.O-O d6 7.Nc3 c6 8.d5 e5 9.dxe6
Bxe6 10.b3 Qe7 11.Ba3 Ne8 12.Qd2 Na6 13.Nd4 Bd7 14.b4 Rc8 15.Rfd1 Qf7 16.Rac1
Kh8 17.b5 Nb8 18.Qd3 f4 19.Ne4 Qe7 20.gxf4 Rxf4 21.e3 Rg4 22.f3 Rh4 23.f4 Bh3
24.Nf3 Bxg2 25.Kxg2 Rh6 26.Bxd6 Nxd6 27.Nxd6 Rf8 28.Ng5 Rh5 29.Nde4 h6 30.Nf3
Qe6 31.Ng3 Qg4 32.Ng1 Rc5 33.Qd6 b6 34.h3 Qc8 35.Ne4 Rcf5 36.Qxg6 cxb5 37.Nf3
Qa6 38.Rg1 bxc4 39.Kh2 R5f7 40.Nfg5 hxg5 41.Nxg5 {#r} 1-0

[Event "19th Lienz Open 2017"]
[Site "masterchessopen.com Lienz AUT"]
[Date "2017.02.12"]
[Round "2.3"]
[White "Ranaldi,Lucas"]
[Black "Sebenik,M"]
[Result "0-1"]
[WhiteElo "2282"]
[BlackElo "2534"]

1.Nf3 c5 2.c4 g6 3.d4 cxd4 4.Nxd4 Nc6 5.e4 Nf6 6.Nc3 d6 7.Be2 Nxd4 8.Qxd4 Bg7
9.Be3 O-O 10.Qd2 a5 11.f3 a4 12.O-O Qa5 13.Rac1 Be6 14.Nd5 Qxd2 15.Nxe7+ Kh8
16.Bxd2 Rfe8 17.Nd5 Nxd5 18.cxd5 Bxd5 19.Bb5 Bc6 20.Bxc6 Bd4+ 21.Kh1 bxc6
22.Bc3 Bxc3 23.Rxc3 Reb8 24.Rc2 Ra6 25.g3 Rab6 26.Rff2 Kg7 27.Rfd2 c5 28.f4 f6
29.Kg2 Kf7 30.Kf3 Ke6 31.h3 Rb4 32.Re2 Rd4 33.e5 fxe5 34.fxe5 Rf8+ 35.Kg2 Rd3
36.exd6+ Kxd6 37.Red2 Rf3 38.Rxd3+ Rxd3 39.Rc4 a3 40.bxa3 Rxa3 41.Rc2 Kd5
42.Rd2+ Ke4 43.Re2+ Kd4 44.Re7 c4 45.Rxh7 c3 46.Rd7+ Ke3 47.Re7+ Kd2 48.Rd7+
Kc1 49.Rd6 c2 50.Rxg6 Kd2 51.Rd6+ Rd3 52.Rc6 Rc3 53.Rd6+ Ke3 54.Re6+ Kd4
55.Re1 c1=Q 56.Rxc1 Rxc1 57.Kf3 Ke5 58.Kg4 Rc4+ 59.Kg5 Rc3 {#R} 0-1

[Event "19th Lienz Open 2017"]
[Site "masterchessopen.com Lienz AUT"]
[Date "2017.02.12"]
[Round "2.4"]
[White "Esen,B"]
[Black "Singer,C"]
[Result "1-0"]
[WhiteElo "2528"]
[BlackElo "2330"]

1.d4 d5 2.c4 e6 3.Nf3 Nf6 4.Nc3 Be7 5.Bf4 O-O 6.e3 b6 7.Bd3 dxc4 8.Bxc4 Bb7
9.O-O a6 10.Qe2 b5 11.Bd3 Nbd7 12.Rfd1 Rc8 13.Ne5 Qe8 14.Rac1 c5 15.Nxd7 Nxd7
16.Be4 Bxe4 17.Nxe4 Rc6 18.dxc5 e5 19.Bg3 Nxc5 20.Qc2 Rc8 21.Bxe5 Nxe4 22.Qxe4
Rxc1 23.Rxc1 Bd6 24.f4 Bxe5 25.fxe5 Qe6 26.b3 Rc8 27.Rd1 g6 28.Rd6 Rc1+ 29.Kf2
Qc8 30.Kg3 Rc2 31.e6 fxe6 32.Rxe6 Qc7+ 33.Kh3 Rxa2 34.Re8+ Kf7 35.Qe6+ {#r}
1-0

[Event "19th Lienz Open 2017"]
[Site "masterchessopen.com Lienz AUT"]
[Date "2017.02.12"]
[Round "2.5"]
[White "Risting,Eivind Olav"]
[Black "Schreiner,Pe"]
[Result "0-1"]
[WhiteElo "2268"]
[BlackElo "2494"]

1.Nf3 Nf6 2.g3 d5 3.Bg2 g6 4.O-O Bg7 5.c4 d4 6.b4 c5 7.Bb2 O-O 8.e3 dxe3
9.fxe3 cxb4 10.d4 Nbd7 11.Qb3 e5 12.Qxb4 Ng4 13.Qb3 Bh6 14.Re1 Qb6 15.Bc1 Re8
16.Nc3 exd4 17.Nd5 Qd8 18.exd4 Rxe1+ 19.Nxe1 Bg7 20.Nf3 Nb6 21.Bg5 Bxd4+
22.Nxd4 Qxg5 23.Re1 Qd2 24.Ne7+ Kg7 25.Nf3 Qd6 26.Qc3+ Qf6 27.Qd2 Nxc4 28.Qd3
Nce5 29.Nxe5 Qf2+ 30.Kh1 Qxe1+ {#R} 0-1

[Event "19th Lienz Open 2017"]
[Site "masterchessopen.com Lienz AUT"]
[Date "2017.02.12"]
[Round "2.6"]
[White "Moskalenko,A"]
[Black "Rieger,R"]
[Result "1-0"]
[WhiteElo "2488"]
[BlackElo "2299"]

1.d4 e6 2.Nf3 Nf6 3.Bf4 d5 4.e3 c5 5.Nbd2 Nc6 6.c3 Bd6 7.Bg3 Qe7 8.Bb5 O-O
9.Bxc6 bxc6 10.Qa4 Bxg3 11.hxg3 cxd4 12.cxd4 Bd7 13.Rc1 Rfb8 14.Qc2 Qb4 15.b3
Ne4 16.Ne5 Be8 17.f3 Qxd2+ 18.Qxd2 Nxd2 19.Kxd2 a5 20.Nxc6 Bxc6 21.Rxc6 a4
22.Rb1 axb3 23.axb3 Kf8 24.Rb2 Ke8 25.Rc7 Rb4 26.Kc3 Rab8 27.g4 h6 28.Rb1 R8b6
29.Kc2 Ra6 30.Kb2 Rb5 31.Rc2 Rab6 32.Rc3 Ke7 33.Ra1 Rb7 34.Ra6 g6 35.Rac6 Kd7
36.R6c5 R5b6 37.Ra5 Ke7 38.g3 Kd6 39.Ra8 Ke7 40.Ka3 Kd6 41.Ra4 h5 42.g5 Ke7
43.Ra8 f6 44.f4 fxg5 45.fxg5 e5 46.dxe5 Ke6 47.Rf8 Kxe5 48.Rf4 Ra7+ 49.Kb2
Rba6 50.Rc8 Ra2+ 51.Kc3 Re7 52.Kd3 Rb2 53.Rb8 Rg2 54.Rf3 Re6 55.b4 Rb2 56.b5
Rb4 57.Rf4 Rb3+ 58.Kd2 {#r} 1-0

[Event "19th Lienz Open 2017"]
[Site "masterchessopen.com Lienz AUT"]
[Date "2017.02.12"]
[Round "2.9"]
[White "Kaasen,Tor Fredrik"]
[Black "Khalakhan,Jurij"]
[Result "1-0"]
[WhiteElo "2468"]
[BlackElo "2216"]

1.e4 c5 2.Nf3 e6 3.d4 cxd4 4.Nxd4 Nc6 5.Nc3 Qc7 6.Be3 a6 7.Qd2 Nf6 8.f3 Bb4
9.O-O-O Ne5 10.Nb3 b5 11.Kb1 O-O 12.Bd4 Be7 13.Qf2 d6 14.g4 Nc4 15.Bxc4 Qxc4
16.Na5 Qc7 17.Bb6 Qd7 18.e5 Nd5 19.Nxd5 exd5 20.Rxd5 Qe6 21.Qd4 dxe5 22.Rxe5
Bf6 23.Rxe6 Bxd4 24.Rc6 Be5 25.Bc7 Bf6 26.Rd1 Be6 27.Nb7 Ra7 28.Nc5 Bc8 29.h3
h6 30.c3 a5 31.Kc2 Re8 32.Bd8 Bd7 33.Nxd7 Bxd8 34.Rc8 Rc7 35.Rxd8 Rxd8 36.Nf6+
gxf6 37.Rxd8+ Kg7 38.Rd5 {#r} 1-0

[Event "19th Lienz Open 2017"]
[Site "masterchessopen.com Lienz AUT"]
[Date "2017.02.12"]
[Round "2.10"]
[White "Mohota,N"]
[Black "Diermair,A"]
[Result "1-0"]
[WhiteElo "2246"]
[BlackElo "2465"]

1.e4 e6 2.d4 d5 3.Bd3 c5 4.exd5 exd5 5.Nf3 Nc6 6.O-O Nf6 7.Re1+ Be7 8.dxc5 O-O
9.Nbd2 Bxc5 10.Nb3 Bb6 11.h3 Ne4 12.Be3 Bc7 13.Nbd4 Re8 14.Nxc6 bxc6 15.c4 Qd6
16.cxd5 cxd5 17.Rc1 Bd7 18.Re2 Rad8 19.Bxe4 Rxe4 20.Bxa7 Bxh3 21.gxh3 Qe6
22.Ng5 Qe5 23.Rxe4 dxe4 24.Qg4 h6 25.Qg3 hxg5 26.Rxc7 Rd1+ 27.Kh2 Qf5 28.Be3
f6 29.Ra7 Kh7 30.Qc7 Qg6 {#r} 1-0

[Event "19th Lienz Open 2017"]
[Site "masterchessopen.com Lienz AUT"]
[Date "2017.02.12"]
[Round "3.1"]
[White "Romanov,E"]
[Black "Christiansen,Johan-Sebastian"]
[Result "1-0"]
[WhiteElo "2644"]
[BlackElo "2432"]

1.Nf3 d5 2.b3 a5 3.c4 dxc4 4.bxc4 e5 5.Nc3 Nc6 6.g3 Bb4 7.Qc2 Bg4 8.Bg2 Nf6
9.a3 Bc5 10.O-O O-O 11.e3 h6 12.Bb2 Re8 13.Nd5 Ba7 14.Nh4 Nxd5 15.cxd5 Nb8
16.f4 Nd7 17.Rf2 Nf6 18.h3 Bc8 19.fxe5 Nxd5 20.Rxf7 Be6 21.Rxg7+ Kxg7 22.Qg6+
Kh8 23.Qxh6+ Kg8 24.Qg6+ Kh8 25.Nf5 Qd7 26.Bxd5 c6 27.Qf6+ Kh7 28.Be4 Bd5
29.Qh6+ Kg8 30.Qg6+ Kf8 31.e6 {#r} 1-0